| 000 | 00543nam a2200193 a 4500 | ||
|---|---|---|---|
| 005 | 20241025063730.0 | ||
| 008 | 120703s2003 mx r 000 0 spa d | ||
| 020 | _a9686006389 | ||
| 035 | _aUPN01000185657 | ||
| 049 | _aCG | ||
| 050 | 4 |
_aPQ7177 M6 _bJ3.4 |
|
| 100 | 1 | _aJáuregui, A. L. | |
| 245 | 1 | 1 |
_a¡Loor a la Patria! : _brecitaciones patrióticas / _cA. L. Jáuregui. |
| 260 |
_aMéxico : _bAvante, _c2003. |
||
| 300 | _a155 p. | ||
| 650 | 4 |
_aPoesía épica mexicana _91234 |
|
| 650 | 4 |
_aPatriotismo _zMéxico _921127 |
|
| 905 | _aLibro | ||
| 999 |
_c157760 _d157760 |
||